000 00549nam a22001937a 4500
005 20221222112200.0
008 221222b ||||| |||| 00| 0 eng d
020 _a8186092013
040 _cAL
041 _aEnglish
082 _223
_a133.5
_bRAON
100 _aK N Rao
_967480
245 _aNehru Dynasty : Astro Political Portraits of Nehru Indira Sanjay and Rajiv
260 _aNew Delhi
_bWindows Publications
_c1993
300 _a276 p.
_bPB
_c20x12 cm.
650 _aNehru Dynasty
_967481
700 _aRAO (K N)
_967482
942 _2ddc
_cDB
999 _c226044
_d226044